| 000 | 00610nam a2200169 a 4500 | ||
|---|---|---|---|
| 008 | 120416s2000 ||||||||||||||||| || u | ||
| 020 | _a0750650486 | ||
| 050 | _aTK 7868.D5 Med | ||
| 100 | _aMeddins, Bob | ||
| 245 | 1 | 0 | _aIntroduction to digital signal processing |
| 260 |
_aOxford _bNewnes _c2000. |
||
| 300 | _axii, 161p. : ill. | ||
| 350 | _a0.00 | ||
| 500 | _aBibliography. | ||
| 650 | _aSignal processing - Digital techniques | ||
| 995 |
_D0.00 _FCBU-MAIN LIBRARY (Kitwe) _H1 _I20.00 _M1 _UAVAILABLE _WJul 12, 2006 _ZMain Library Open Access Collection |
||
| 999 |
_c47697 _d47697 |
||